000 00621nam a22001931a 4500
001 11504
003 OSt
005 20260204212245.0
008 121119s2010||||ck ||||||b||||||||||spa||
020 _a9789588572239
050 _a375 C279c
100 _aCastro Parra, María Luzdelia
245 _aEl currículo: Estrategias para una educación transformada / María Luzdelia Castro Parra, Liliana Geraldo Aris y Claudia Patricia Alvarez Ochoa
264 _aColombia: Universidad de Salle
300 _a167 p
500 _aIncluye bibliografía
650 _aCurrículo 2.Educación - EstrategiaÌ
942 _2ddc
_cBK
999 _c11504
_d11504